[Event "EU-Cup (Women) 26th"]
[Site "Mayrhofen"]
[Date "2022.10.07"]
[Round "5.4"]
[White "Balajayeva, Khanim Asad Qizi"]
[Black "Golovchanskaya, Alina"]
[Result "1-0"]
[WhiteElo "2384"]
[BlackElo "1684"]
[PlyCount "59"]
[EventDate "2022.10.03"]
[EventType "team-swiss"]
[EventRounds "7"]
[EventCountry "AUT"]
[SourceTitle "CBM 210 Extra"]
[Source "ChessBase"]
[SourceDate "2022.11.30"]
[SourceVersion "1"]
[SourceVersionDate "2022.11.30"]
[SourceQuality "1"]
[WhiteTeam "Odlar Yurdu (W)"]
[BlackTeam "Haifa Nesher (W)"]
[WhiteTeamCountry "AZE"]
[BlackTeamCountry "ISR"]

1. e4 d6 2. d4 e5 3. Nf3 Nd7 4. Bc4 Be7 5. Nc3 Ngf6 6. 0-0 c6 7. a4 h6 8. Re1 Qc7 9. a5 b5 10. axb6 Nxb6 11. Bb3 Bg4 12. dxe5 dxe5 13. h3 Be6 14. Nh4 Bxb3 15. cxb3 g6 16. Qf3 Nh7 17. Qg3 Ng5 18. f4 exf4 19. Bxf4 Bc5+ 20. Kh1 Qc8 21. Bxg5 hxg5 22. Qe5+ Qe6 23. Qxh8+ Kd7 24. Na4 Nxa4 25. Qxa8 g4 26. Red1+ Kc7 27. Qd8+ Kb7 28. Rd7+ Ka6 29. Rxa4+ Kb5 30. Qa5# 1-0

[Event "EU-Cup (Women) 26th"]
[Site "Mayrhofen"]
[Date "2022.10.06"]
[Round "4.4"]
[White "Golovchanskaya, Alina"]
[Black "Vardi, Shlomit"]
[Result "0-1"]
[WhiteElo "1684"]
[BlackElo "1769"]
[PlyCount "96"]
[EventDate "2022.10.03"]
[EventType "team-swiss"]
[EventRounds "7"]
[EventCountry "AUT"]
[SourceTitle "CBM 210 Extra"]
[Source "ChessBase"]
[SourceDate "2022.11.30"]
[SourceVersion "1"]
[SourceVersionDate "2022.11.30"]
[SourceQuality "1"]
[WhiteTeam "Haifa Nesher (W)"]
[BlackTeam "Rishon Le Zion (W)"]
[WhiteTeamCountry "ISR"]
[BlackTeamCountry "ISR"]

1. Nf3 g6 2. c4 d6 3. Nc3 Bg7 4. g3 e5 5. Bg2 f5 6. d3 Nc6 7. Bg5 Nce7 8. Qc2 h6 9. Be3 Nf6 10. c5 Ng4 11. Nb5 Nxe3 12. fxe3 d5 13. d4 a6 14. Nc3 e4 15. Nd2 0-0 16. b4 c6 17. Na4 Be6 18. Nb6 Rb8 19. a4 f4 20. exf4 Bxd4 21. 0-0-0 Nf5 22. Bh3 Qf6 23. Bxf5 Bxf5 24. Qb3 Qe6 25. e3 Bg7 26. Nb1 Rfd8 27. Nc3 Kh7 28. Ne2 Bg4 29. Rd2 Bxe2 30. Rxe2 Qf6 31. Rhe1 Qc3+ 32. Qxc3 Bxc3 33. Rd1 Bxb4 34. Rc2 Ba5 35. Rb2 Bc3 36. Rc2 Bf6 37. Rcd2 g5 38. Rg2 Be7 39. Rc2 Kg6 40. Kb2 a5 41. Kb3 gxf4 42. gxf4 Kf5 43. h3 Ke6 44. Rg1 Rg8 45. Rf1 Rbd8 46. f5+ Kf6 47. h4 Rg3 48. Re2 Bxc5 0-1

[Event "ISR-chT (Women)"]
[Site "Tel Aviv"]
[Date "2021.10.29"]
[Round "2.4"]
[White "Golovchanskaya, Alina"]
[Black "Tashkinova, Sofiia"]
[Result "0-1"]
[WhiteElo "1734"]
[BlackElo "1673"]
[PlyCount "182"]
[EventDate "2021.10.28"]
[EventType "team-swiss"]
[EventRounds "5"]
[EventCountry "ISR"]
[SourceTitle "CBM 204 Extra"]
[Source "ChessBase"]
[SourceDate "2021.11.30"]
[SourceVersion "1"]
[SourceVersionDate "2021.11.30"]
[SourceQuality "1"]
[WhiteTeam "Haifa Nesher (W)"]
[BlackTeam "Ramat Gan (W)"]
[WhiteTeamCountry "ISR"]
[BlackTeamCountry "ISR"]

1. c4 c6 2. Nf3 d5 3. cxd5 cxd5 4. d4 Nc6 5. Nc3 Nf6 6. Bg5 Ne4 7. Bf4 Qa5 8. Qb3 e6 9. a3 Be7 10. e3 0-0 11. Bd3 f5 12. Rc1 Qd8 13. Ne5 Nxe5 14. Bxe5 Bd6 15. Bxe4 fxe4 16. Bxd6 Qxd6 17. 0-0 Bd7 18. Qd1 Rf6 19. f4 Qe7 20. Rf2 Raf8 21. Rcc2 Rh6 22. g4 Rhf6 23. g5 Rf5 24. h4 Rc8 25. h5 Rff8 26. Rg2 Rc4 27. h6 g6 28. Nxe4 Rxc2 29. Nf6+ Rxf6 30. gxf6 Rxg2+ 31. Kxg2 Qxf6 32. Qc2 Bc6 33. Qc5 Qf8 34. Qxa7 Qxh6 35. Qb8+ Qf8 36. Qe5 Qf7 37. Qb8+ Qe8 38. Qe5 Bb5 39. b4 h5 40. e4 dxe4 41. d5 exd5 42. Qxd5+ Kh7 43. Qxb7+ Qd7 44. Qb6 Bc6 45. Qe3 Qg4+ 46. Kh2 h4 47. Qa7+ Qd7 48. Qe3 Bb7 49. Qc3 Qf7 50. Qd2 Qd5 51. Qe3 Qf5 52. a4 Qf7 53. a5 Qc4 54. Qe1 Qc2+ 55. Kg1 Qd3 56. Qxh4+ Kg8 57. Qf6 Qg3+ 58. Kf1 Qh3+ 59. Kg1 Qg4+ 60. Kf2 Qf3+ 61. Kg1 Qg4+ 62. Kf2 Qf5 63. Qd8+ Kg7 64. Qd4+ Kh7 65. Qd6 Qf7 66. Ke3 Qb3+ 67. Ke2 Bd5 68. Qe7+ Kg8 69. Qe8+ Kg7 70. Qe7+ Bf7 71. Qe5+ Kh7 72. Qxe4 Bc4+ 73. Kf2 Qxb4 74. Qh1+ Kg7 75. Qa1+ Kf7 76. Qe5 Qd2+ 77. Kg3 Qd3+ 78. Kf2 Qf1+ 79. Kg3 Qg1+ 80. Kf3 Qh1+ 81. Kf2 Qh4+ 82. Kg2 Qe7 83. Qd4 Qe6 84. Qa7+ Kf6 85. Qc7 Kf5 86. Qb8 Qe4+ 87. Kg1 Qe3+ 88. Kg2 Bd5+ 89. Kh2 Qf2+ 90. Kh3 Qg2+ 91. Kh4 Qg4# 0-1

[Event "ISR-chT (Women)"]
[Site "Tel Aviv"]
[Date "2021.10.29"]
[Round "3.4"]
[White "Sadka Darrell, Daria"]
[Black "Golovchanskaya, Alina"]
[Result "0-1"]
[WhiteElo "1438"]
[BlackElo "1734"]
[PlyCount "41"]
[EventDate "2021.10.28"]
[EventType "team-swiss"]
[EventRounds "5"]
[EventCountry "ISR"]
[SourceTitle "CBM 204 Extra"]
[Source "ChessBase"]
[SourceDate "2021.11.30"]
[SourceVersion "1"]
[SourceVersionDate "2021.11.30"]
[SourceQuality "1"]
[WhiteTeam "Kfar Saba (W)"]
[BlackTeam "Haifa Nesher (W)"]
[WhiteTeamCountry "ISR"]
[BlackTeamCountry "ISR"]

1. e4 c5 2. Nc3 Nc6 3. g3 g6 4. Bg2 Bg7 5. d3 a6 6. f4 d6 7. Nh3 Nf6 8. 0-0 Bg4 9. Qe1 Qd7 10. Nf2 h5 11. e5 dxe5 12. fxe5 Nh7 13. Nxg4 Qxg4 14. e6 Bd4+ 15. Kh1 Nf6 16. exf7+ Kf8 17. Na4 h4 18. Rf4 hxg3 19. Be3 Qxf4 20. h3 Bxe3 21. Nxc5 0-1

[Event "ISR-ch (Women)"]
[Site "Jerusalem"]
[Date "2021.03.09"]
[Round "3"]
[White "Orian, Noga"]
[Black "Golovchanskaya, Alina"]
[Result "1/2-1/2"]
[WhiteElo "1658"]
[BlackElo "1681"]
[PlyCount "99"]
[EventDate "2021.03.07"]
[EventType "swiss"]
[EventRounds "9"]
[EventCountry "ISR"]
[SourceTitle "CBM 201 Extra"]
[Source "ChessBase"]
[SourceDate "2021.05.31"]
[SourceVersion "1"]
[SourceVersionDate "2021.05.31"]
[SourceQuality "1"]

1. d4 Nf6 2. Nf3 g6 3. Bf4 Bg7 4. e3 0-0 5. Be2 d5 6. h3 Nbd7 7. 0-0 Ne4 8. Nbd2 c5 9. c3 Qb6 10. Qc1 Ndf6 11. Be5 Bf5 12. Nxe4 Nxe4 13. Bxg7 Kxg7 14. Rd1 c4 15. Nd2 h5 16. Nxe4 Bxe4 17. f3 Bf5 18. Qd2 Rac8 19. f4 a5 20. Bf3 Qe6 21. Qf2 b5 22. a3 Rb8 23. Re1 Be4 24. Bxe4 Qxe4 25. Qf3 Qxf3 26. gxf3 e6 27. e4 Rfe8 28. Re2 b4 29. axb4 axb4 30. Ra5 bxc3 31. bxc3 Rb1+ 32. Kg2 Rc1 33. exd5 Rxc3 34. dxe6 Rxe6 35. Rxe6 fxe6 36. d5 exd5 37. Rxd5 Rb3 38. Rc5 c3 39. f5 gxf5 40. Rxf5 Rb2+ 41. Kg3 h4+ 42. Kf4 Rb4+ 43. Ke3 Rc4 44. Rg5+ Kf6 45. Rg1 c2 46. Rc1 Rc3+ 47. Kd4 Rxf3 48. Rxc2 Rxh3 49. Ke4 Rg3 50. Kf4 1/2-1/2

[Event "Saratov Region-ch (Women)"]
[Site "Saratov"]
[Date "2015.11.26"]
[Round "6.4"]
[White "Golovchanskaya, Alina"]
[Black "Kupinskaja, Evgeny"]
[Result "1-0"]
[WhiteElo "1661"]
[BlackElo "1538"]
[PlyCount "79"]
[EventDate "2015.11.21"]
[EventType "swiss"]
[EventRounds "9"]
[EventCountry "RUS"]
[SourceTitle "EXT 2022"]
[Source "ChessBase"]
[SourceDate "2021.10.06"]
[SourceVersion "1"]
[SourceVersionDate "2021.10.06"]
[SourceQuality "1"]

1. d4 d5 2. c4 Nf6 3. cxd5 Qxd5 4. Nc3 Qa5 5. Bd2 Qb6 6. Qa4+ Bd7 7. Qc4 e6 8. Nf3 Bd6 9. e4 Bb4 10. Nb5 Bxd2+ 11. Nxd2 Na6 12. Rc1 Rc8 13. Qb3 0-0 14. a4 c5 15. e5 Bxb5 16. axb5 cxd4 17. Rxc8 Rxc8 18. Nc4 Qc7 19. exf6 Nc5 20. Qg3 Qxg3 21. hxg3 gxf6 22. Nd2 d3 23. Rh4 Rd8 24. Rc4 b6 25. b4 Na4 26. f4 e5 27. Kf2 Rd4 28. Rxd4 exd4 29. Bxd3 Nb2 30. Bc2 h5 31. Ne4 Kg7 32. Ke1 f5 33. Nd6 d3 34. Bb3 Kf6 35. Kd2 Kg6 36. Kc1 h4 37. gxh4 Kh5 38. Kxb2 Kxh4 39. Kc3 f6 40. Kxd3 1-0

[Event "Moscow op-B (Women)"]
[Site "Moscow"]
[Date "2015.02.07"]
[Round "8"]
[White "Golovchanskaya, Alina"]
[Black "Kiseleva, Ekaterina"]
[Result "1-0"]
[WhiteElo "1648"]
[BlackElo "1914"]
[PlyCount "49"]
[EventDate "2015.01.31"]
[EventType "swiss"]
[EventRounds "9"]
[EventCountry "RUS"]
[SourceTitle "CBM 164 Extra"]
[Source "ChessBase"]
[SourceDate "2015.03.02"]
[SourceVersion "1"]
[SourceVersionDate "2015.03.02"]
[SourceQuality "1"]

1. d4 Nf6 2. c4 g6 3. Nc3 Bg7 4. e4 d6 5. Be2 0-0 6. Be3 e5 7. Nf3 Nc6 8. d5 Ne7 9. h3 Nd7 10. Qd2 Re8 11. Bh6 Bh8 12. g4 f6 13. 0-0-0 a5 14. h4 Nc5 15. h5 g5 16. Bxg5 fxg5 17. Qxg5+ Kf7 18. Qh6 Rg8 19. Qxh7+ Bg7 20. h6 Rf8 21. Qxg7+ Ke8 22. h7 Ng6 23. Qxg6+ Ke7 24. h8Q Rxh8 25. Qg7+ 1-0

[Event "RUS-ch U26 (Women)"]
[Site "Saratov"]
[Date "2013.09.29"]
[Round "6"]
[White "Muslimova, Yana"]
[Black "Golovchanskaya, Alina"]
[Result "0-1"]
[WhiteElo "1702"]
[BlackElo "1595"]
[PlyCount "60"]
[EventDate "2013.09.24"]
[EventType "swiss"]
[EventRounds "9"]
[EventCountry "RUS"]
[SourceTitle "EXT 2015"]
[Source "ChessBase"]
[SourceDate "2014.11.20"]
[SourceVersion "1"]
[SourceVersionDate "2014.11.20"]
[SourceQuality "1"]

1. e4 c5 2. Nf3 g6 3. d4 cxd4 4. Nxd4 Bg7 5. Nc3 Nc6 6. Be3 Nf6 7. Bc4 0-0 8. f3 a6 9. Qd2 b5 10. Bb3 Bb7 11. 0-0-0 Na5 12. h4 b4 13. Nce2 e5 14. Qxb4 exd4 15. Bxd4 Nxb3+ 16. Qxb3 Bc6 17. g4 Rc8 18. Bb6 Qe7 19. Qe3 Ba4 20. Nc3 Qb4 21. a3 Rxc3 22. bxc3 Qxa3+ 23. Kd2 Qb2 24. Rc1 Re8 25. Qf2 Nxe4+ 26. fxe4 Qxc3+ 27. Kd1 Qd3+ 28. Qd2 Qf3+ 29. Qe2 Qxh1+ 30. Kd2 Bc3+ 0-1

[Event "Saratov Region-ch (Women)"]
[Site "Saratov"]
[Date "2012.11.28"]
[Round "3.5"]
[White "Golovchanskaya, Alina"]
[Black "Protopopova, Anastasiya"]
[Result "0-1"]
[WhiteElo "1579"]
[BlackElo "1832"]
[PlyCount "110"]
[EventDate "2012.11.26"]
[EventType "swiss"]
[EventRounds "7"]
[EventCountry "RUS"]
[SourceTitle "EXT 2014"]
[Source "ChessBase"]
[SourceDate "2013.11.20"]
[SourceVersion "1"]
[SourceVersionDate "2013.11.20"]
[SourceQuality "1"]

1. d4 Nf6 2. c4 e6 3. Nc3 Bb4 4. f3 d5 5. a3 Bxc3+ 6. bxc3 c6 7. Bg5 0-0 8. e4 dxe4 9. fxe4 Qa5 10. Qc2 Qxg5 11. Nf3 Qe3+ 12. Be2 Nxe4 13. Rc1 c5 14. Rf1 Nc6 15. d5 Ne7 16. Ne5 exd5 17. cxd5 Nxd5 18. Rf3 Qg5 19. Nc4 Re8 20. Nd2 Qxd2+ 21. Qxd2 Nxd2 22. Kxd2 Bg4 23. Rf2 Bxe2 24. Rxe2 Rxe2+ 25. Kxe2 Re8+ 26. Kf2 g6 27. g3 Nf6 28. Kf3 Rd8 29. Kf4 Rd2 30. h4 Nh5+ 31. Kg5 Nxg3 32. Re1 Rd5+ 33. Kf6 Nh5+ 34. Ke7 Kg7 35. Rf1 Rf5 36. Rd1 Nf4 37. Kd6 b6 38. Kc6 Re5 39. Rd7 Re6+ 40. Kb5 a5 41. c4 Ne2 42. Rd3 Nd4+ 43. Ka4 f5 44. h5 g5 45. h6+ Kxh6 46. Rh3+ Kg7 47. Rxh7+ Kf6 48. Rf7+ Ke5 49. Rg7 Nf3 50. Kb5 g4 51. Rd7 g3 52. Rd3 g2 53. Rb3 g1Q 54. Rb1 Qxb1+ 55. Ka4 Qc2+ 0-1

[Event "Saratov Autumn Higher School Realty"]
[Site "Saratov"]
[Date "2012.09.28"]
[Round "8.5"]
[White "Golovchanskaya, Alina"]
[Black "Brekhov, Denis"]
[Result "0-1"]
[WhiteElo "1562"]
[BlackElo "1963"]
[PlyCount "76"]
[EventDate "2012.09.20"]
[EventType "swiss"]
[EventRounds "9"]
[EventCountry "RUS"]
[SourceTitle "EXT 2022"]
[Source "ChessBase"]
[SourceDate "2021.10.06"]
[SourceVersion "1"]
[SourceVersionDate "2021.10.06"]
[SourceQuality "1"]

1. d4 Nf6 2. c4 g6 3. Nc3 d5 4. cxd5 Nxd5 5. e4 Nxc3 6. bxc3 Bg7 7. Bb5+ c6 8. Bc4 0-0 9. Ne2 c5 10. 0-0 Nc6 11. Be3 Bg4 12. f3 Na5 13. Bxf7+ Rxf7 14. fxg4 Rxf1+ 15. Qxf1 Nc4 16. Qf2 Qd7 17. h3 Rf8 18. Qg3 e5 19. d5 b6 20. Rf1 Rxf1+ 21. Kxf1 Qb5 22. Qf3 Qb1+ 23. Nc1 Nd6 24. Bd2 Nxe4 25. Ke1 Nxd2 26. Kxd2 Bh6+ 27. Ke2 Qc2+ 28. Ke1 Qxc1+ 29. Kf2 Qf4 30. Qxf4 exf4 31. a4 Kf7 32. Kf3 Kf6 33. Ke4 g5 34. c4 Bf8 35. h4 h6 36. hxg5+ hxg5 37. Kd3 Ke5 38. Kc3 Ke4 0-1

[Event "Saratov Summer Cup High school prop"]
[Site "Saratov"]
[Date "2011.06.30"]
[Round "3.10"]
[White "Fedukin, Alexandre"]
[Black "Golovchanskaya, Alina"]
[Result "1/2-1/2"]
[WhiteElo "1889"]
[BlackElo "1563"]
[PlyCount "132"]
[EventDate "2011.06.27"]
[EventType "swiss"]
[EventRounds "9"]
[EventCountry "RUS"]
[SourceTitle "EXT 2022"]
[Source "ChessBase"]
[SourceDate "2021.10.06"]
[SourceVersion "1"]
[SourceVersionDate "2021.10.06"]
[SourceQuality "1"]

1. c4 c5 2. Nf3 Nc6 3. d4 cxd4 4. Nxd4 Nf6 5. g3 e6 6. Bg2 Bc5 7. Nb5 d5 8. cxd5 exd5 9. Bf4 Bxf2+ 10. Kf1 Bb6 11. Nd6+ Kf8 12. Nc3 Bc5 13. Nxc8 Rxc8 14. Nxd5 Nxd5 15. Qxd5 Qxd5 16. Bxd5 b6 17. Rc1 Ke7 18. a3 Nd4 19. Be5 Nf5 20. e4 Bd4 21. Bf4 Ne3+ 22. Bxe3 Bxe3 23. Rc4 Rxc4 24. Bxc4 Bc1 25. b3 Bxa3 26. Ke2 Rd8 27. Ra1 Bc5 28. Rxa7+ Rd7 29. Rxd7+ Kxd7 30. Bxf7 Kd6 31. Kd3 Ke5 32. Bg8 h6 33. Bh7 Bg1 34. h3 Bf2 35. g4 g5 36. Kc4 Bc5 37. Kb5 Kd6 38. Bf5 Bf2 39. b4 Be3 40. Ka6 Kc7 41. e5 Bd4 42. e6 Kd6 43. Kb7 Ke7 44. Kc6 Bf2 45. Kd5 Be1 46. b5 Bg3 47. Bc2 Bh2 48. Bd3 Bg3 49. Bc4 Bd6 50. Bb3 Bg3 51. Ke4 Kf6 52. Bc4 Bd6 53. Ba2 Bg3 54. Bc4 Bd6 55. Kd5 Bc5 56. Bb3 Bb4 57. Kc6 Bc5 58. Kd7 Bb4 59. Kc7 Bc5 60. Bc4 Be3 61. Kd6 Bc5+ 62. Kd5 Bb4 63. Ba2 Ba3 64. Ke4 Bb4 65. Kd5 Ba3 66. Kc6 Bc5 1/2-1/2

[Event "Saratov"]
[Site "Saratov"]
[Date "2010.06.19"]
[Round "11"]
[White "Golovchanskaya, Alina"]
[Black "Brekhov, Denis"]
[Result "0-1"]
[WhiteElo "1552"]
[BlackElo "1976"]
[PlyCount "136"]
[EventDate "2010.06.12"]
[EventType "tourn"]
[EventRounds "13"]
[EventCountry "RUS"]
[SourceTitle "CBM 137 Extra"]
[Source "ChessBase"]
[SourceDate "2010.09.01"]
[SourceVersion "1"]
[SourceVersionDate "2010.09.01"]
[SourceQuality "1"]

1. d4 Nf6 2. c4 g6 3. Nc3 d5 4. Bg5 Ne4 5. Bf4 Nxc3 6. bxc3 dxc4 7. e3 Be6 8. Rb1 Bd5 9. f3 b6 10. e4 Bb7 11. Bxc4 Bg7 12. Ne2 0-0 13. 0-0 Nd7 14. Qd2 e5 15. Bg5 Qe8 16. Bh6 exd4 17. cxd4 Rd8 18. Bxg7 Kxg7 19. Qc3 Kg8 20. Nf4 Nf6 21. Bb5 Qe7 22. Rfc1 Rc8 23. Bc6 Bxc6 24. Qxc6 Rfd8 25. e5 Ne8 26. Qc4 Qd7 27. d5 Ng7 28. g4 g5 29. e6 fxe6 30. Nxe6 Nxe6 31. dxe6 Qd4+ 32. Qxd4 Rxd4 33. Rb5 c5 34. Rb3 Re8 35. Re3 Re7 36. Rce1 Rd5 37. Re5 Rxe5 38. Rxe5 h6 39. h4 gxh4 40. f4 Kg7 41. f5 Kf6 42. Rd5 Rg7 43. Kg2 Rxg4+ 44. Kh3 Rd4 45. Re5 Rd8 46. e7 Re8 47. Re6+ Kxf5 48. Rxh6 Rxe7 49. Rxh4 Re3+ 50. Kg2 Re2+ 51. Kf3 Rxa2 52. Ke3 Ra3+ 53. Kd2 Ke5 54. Kc2 Kd5 55. Kb2 Rg3 56. Ra4 a5 57. Rh4 Kc6 58. Rf4 Kb5 59. Rf6 c4 60. Re6 Rb3+ 61. Ka2 Ka4 62. Re2 b5 63. Ka1 b4 64. Ka2 c3 65. Re4 c2 66. Rd4 Rc3 67. Re4 c1R 68. Re2 R3c2+ 0-1